| 000 | 01239cam a22003617a 4500 | ||
|---|---|---|---|
| 003 | CHAP | ||
| 005 | 20240514114122.0 | ||
| 008 | 040225d2002 it rn 00110 eng d | ||
| 010 | _a88090 | ||
| 011 | _a89062 | ||
| 020 | _a9251048703 | ||
| 035 | _a99611 | ||
| 040 | _cCHAP | ||
| 082 | 0 | 4 |
_a632.93 _bF3 v.174 |
| 110 | 2 | _aFAO | |
| 245 | 1 | 0 |
_aGenotype x environment interactions : _bchallenges and opportunities for plant breeding and cultivar recommendations _c/by Paolo Annicchiarico |
| 260 |
_aRome : _bFAO, _c2002. |
||
| 300 | _a115 p. + 1 disco compacto | ||
| 490 | 0 |
_aFAO. Producción y protección vegetal _v; 174 |
|
| 590 |
_aBATCH-UPD _b10 _c20130110 |
||
| 590 |
_aBATCH-UPD _b10 _c20130410 |
||
| 590 |
_aBATCH-UPD _b10 _c20130914 |
||
| 590 |
_aCONVERSION _b10 _c20130109 |
||
| 650 | 1 | 4 |
_aCultivos _xEfecto del medio ambiente. _930258 |
| 650 | 1 | 4 |
_aPlantas _xMejoramiento. _988849 |
| 700 | 0 | 0 |
_aAnnicchiarico, Paolo. _95940 |
| 830 | 0 |
_aFAO. Producción y protección vegetal _v; 174 _939654 |
|
| 901 | _aBK | ||
| 905 | _aAlejandra Carrasco M. | ||
| 942 |
_cLIBRO _2ddc |
||
| 949 |
_a632.93 F3 v.174 _bBC _cCD _d33724002027926 _eFAO1 _fCD _i99611 _sb |
||
| 949 |
_a632.93 F3 v.174 _bBC _cFAO _d33724000914636 _eFAO1 _h104458 _i99611 _sb |
||
| 999 |
_c88090 _d88090 |
||